000 00420nam a2200181Ia 4500
001 3788
005 20260306145709.0
008 260306t2008||||xx |||||||||||||| ||spa||
041 _aESP
082 _a303.44
_bB34 2008
100 _aBeck, Ulrich
_eAUT
245 0 _aLa sociedad del riesgo mundial
260 _c2008
300 _a333 páginas :
_ccm.
650 _aGEN
654 _aCHU
942 _cLIB
_dJUS
_fJUS
_2ddc
_n
999 _c3788
_d3788